<?xml version="1.0" encoding="UTF-8"?>
<record
    xmlns:xsi="http://www.w3.org/2001/XMLSchema-instance"
    xsi:schemaLocation="http://www.loc.gov/MARC21/slim http://www.loc.gov/standards/marcxml/schema/MARC21slim.xsd"
    xmlns="http://www.loc.gov/MARC21/slim">

  <leader>00497nam a22001577a 4500</leader>
  <datafield tag="999" ind1=" " ind2=" ">
    <subfield code="c">18393</subfield>
    <subfield code="d">18393</subfield>
  </datafield>
  <controlfield tag="008">200730b        xxu||||| |||| 00| 0 eng d</controlfield>
  <datafield tag="020" ind1=" " ind2=" ">
    <subfield code="a">1597499958</subfield>
  </datafield>
  <datafield tag="050" ind1=" " ind2=" ">
    <subfield code="a">QA76.9</subfield>
    <subfield code="b">.B76 2013 c.1</subfield>
  </datafield>
  <datafield tag="100" ind1=" " ind2=" ">
    <subfield code="a">Broad, James</subfield>
  </datafield>
  <datafield tag="245" ind1=" " ind2=" ">
    <subfield code="a">Risk Management Framework</subfield>
    <subfield code="b">A lab-based approach to securing information systems </subfield>
    <subfield code="c">James Broad</subfield>
  </datafield>
  <datafield tag="260" ind1=" " ind2=" ">
    <subfield code="a">Amsterdam </subfield>
    <subfield code="b">Syngress</subfield>
    <subfield code="c">2013</subfield>
  </datafield>
  <datafield tag="300" ind1=" " ind2=" ">
    <subfield code="a">xv, 298p.</subfield>
  </datafield>
  <datafield tag="650" ind1=" " ind2=" ">
    <subfield code="a">Information Technology</subfield>
    <subfield code="v">Security measures</subfield>
  </datafield>
  <datafield tag="650" ind1=" " ind2=" ">
    <subfield code="a">Computer security</subfield>
  </datafield>
  <datafield tag="942" ind1=" " ind2=" ">
    <subfield code="2">lcc</subfield>
    <subfield code="c">BK</subfield>
  </datafield>
  <datafield tag="952" ind1=" " ind2=" ">
    <subfield code="0">0</subfield>
    <subfield code="1">0</subfield>
    <subfield code="2">lcc</subfield>
    <subfield code="7">0</subfield>
    <subfield code="a">KABU</subfield>
    <subfield code="b">KABU</subfield>
    <subfield code="d">2020-07-30</subfield>
    <subfield code="g">4472.00</subfield>
    <subfield code="l">2</subfield>
    <subfield code="m">1</subfield>
    <subfield code="o">QA76.9 .B76 2013 c.1</subfield>
    <subfield code="p">029055</subfield>
    <subfield code="r">2024-02-20 10:04:56</subfield>
    <subfield code="s">2024-01-29</subfield>
    <subfield code="w">2020-07-30</subfield>
    <subfield code="y">BK</subfield>
  </datafield>
  <datafield tag="952" ind1=" " ind2=" ">
    <subfield code="0">0</subfield>
    <subfield code="1">0</subfield>
    <subfield code="2">lcc</subfield>
    <subfield code="7">0</subfield>
    <subfield code="a">KABU</subfield>
    <subfield code="b">KABU</subfield>
    <subfield code="d">2020-07-30</subfield>
    <subfield code="g">4472.00</subfield>
    <subfield code="l">0</subfield>
    <subfield code="o">QA76.9 .B76 2013 c.2</subfield>
    <subfield code="p">029056</subfield>
    <subfield code="r">2020-07-30 00:00:00</subfield>
    <subfield code="w">2020-07-30</subfield>
    <subfield code="y">BK</subfield>
  </datafield>
  <datafield tag="952" ind1=" " ind2=" ">
    <subfield code="0">0</subfield>
    <subfield code="1">0</subfield>
    <subfield code="2">lcc</subfield>
    <subfield code="7">0</subfield>
    <subfield code="a">KNTC</subfield>
    <subfield code="b">KNTC</subfield>
    <subfield code="d">2020-07-30</subfield>
    <subfield code="g">4472.00</subfield>
    <subfield code="l">0</subfield>
    <subfield code="o">QA76.9 .B76 2013 c.1</subfield>
    <subfield code="p">029057</subfield>
    <subfield code="r">2020-07-30 00:00:00</subfield>
    <subfield code="w">2020-07-30</subfield>
    <subfield code="y">BK</subfield>
  </datafield>
</record>
